[Event "Pocos de Caldas op"]
[Site "Pocos de Caldas"]
[Date "2022.03.13"]
[Round "5"]
[White "Carstens Dobuchak, Thiago"]
[Black "Correa, Joao Pedro Vieira"]
[Result "1-0"]
[WhiteElo "2124"]
[BlackElo "1860"]
[PlyCount "109"]
[EventDate "2022.03.11"]
[EventType "swiss"]
[EventRounds "6"]
[EventCountry "BRA"]
[SourceTitle "CBM 207 Extra"]
[Source "ChessBase"]
[SourceDate "2022.05.31"]
[SourceVersion "1"]
[SourceVersionDate "2022.05.31"]
[SourceQuality "1"]

1. e4 c5 2. Nf3 d6 3. d4 cxd4 4. Nxd4 Nf6 5. Nc3 a6 6. Nb3 e6 7. g4 h6 8. Bg2 Be7 9. a4 Nc6 10. h3 Qc7 11. 0-0 0-0 12. f4 Nd7 13. Be3 Na5 14. Nxa5 Qxa5 15. Qd2 Qc7 16. Qf2 b6 17. h4 Bb7 18. Rad1 Rab8 19. Bf3 g5 20. hxg5 hxg5 21. fxg5 Kg7 22. Bg2 Bc6 23. b3 Ne5 24. Qg3 b5 25. Ne2 Ng6 26. axb5 axb5 27. Rf2 Qb7 28. Nf4 Rh8 29. Nh5+ Kg8 30. Re1 Bxe4 31. Bd4 Bxg2 32. Bxh8 Nxh8 33. Nf6+ Kf8 34. Qh2 Bxf6 35. gxf6 Ng6 36. Qxd6+ Kg8 37. Qh2 Kf8 38. Rxg2 Rd8 39. Qg3 Qd5 40. Qe3 Ke8 41. Rh2 Qd6 42. Ra1 Qb4 43. Rg2 Nf4 44. Rf2 Ng6 45. Qf3 Nh4 46. Qf4 Qc3 47. Ra7 Ng6 48. Qf3 Qc5 49. Ra6 Ne5 50. Qe4 Rd1+ 51. Kg2 Rd8 52. Ra8 Rxa8 53. Qxa8+ Kd7 54. Qb7+ Qc7 55. Rd2+ 1-0

[Event "Pocos de Caldas op"]
[Site "Pocos de Caldas"]
[Date "2022.03.13"]
[Round "6"]
[White "Machado, Gilmar Dias"]
[Black "Carstens Dobuchak, Thiago"]
[Result "0-1"]
[WhiteElo "1803"]
[BlackElo "2124"]
[PlyCount "52"]
[EventDate "2022.03.11"]
[EventType "swiss"]
[EventRounds "6"]
[EventCountry "BRA"]
[SourceTitle "EXT 2023"]
[Source "ChessBase"]
[SourceDate "2022.10.05"]
[SourceVersion "1"]
[SourceVersionDate "2022.10.05"]
[SourceQuality "1"]

1. e4 c5 2. d4 cxd4 3. c3 Nf6 4. e5 Nd5 5. Nf3 Nc6 6. Bc4 Nb6 7. Bb3 d5 8. exd6 Qxd6 9. Nxd4 Nxd4 10. Qxd4 Qg6 11. 0-0 Bh3 12. Ba4+ Nxa4 13. Qxa4+ Bd7 14. Qf4 Bc6 15. Qg3 Qxg3 16. hxg3 e5 17. Be3 f6 18. Nd2 h5 19. Nf3 Kf7 20. Rfd1 Be7 21. Rd2 g5 22. Rad1 h4 23. gxh4 g4 24. Nxe5+ fxe5 25. g3 Bf3 26. Re1 Bxh4 0-1

[Event "Pocos de Caldas op"]
[Site "Pocos de Caldas"]
[Date "2022.03.12"]
[Round "3"]
[White "Nunes, Agatha Hurba"]
[Black "Carstens Dobuchak, Thiago"]
[Result "1/2-1/2"]
[WhiteElo "1851"]
[BlackElo "2124"]
[PlyCount "46"]
[EventDate "2022.03.11"]
[EventType "swiss"]
[EventRounds "6"]
[EventCountry "BRA"]
[SourceTitle "CBM 207 Extra"]
[Source "ChessBase"]
[SourceDate "2022.05.31"]
[SourceVersion "1"]
[SourceVersionDate "2022.05.31"]
[SourceQuality "1"]

1. d4 Nf6 2. c4 e6 3. Nf3 Bb4+ 4. Nbd2 0-0 5. e3 d5 6. cxd5 exd5 7. Be2 Re8 8. 0-0 Bd6 9. b3 Bg4 10. a4 c6 11. Ba3 Bc7 12. b4 Ne4 13. Nxe4 dxe4 14. Ne5 Bxe2 15. Qxe2 Bxe5 16. dxe5 Nd7 17. Rfd1 Qc7 18. Qg4 Nxe5 19. Qxe4 b5 20. axb5 cxb5 21. Qf5 Re6 22. Bb2 Nc4 23. Bd4 Nd6 1/2-1/2

[Event "Florianopolis op 8th"]
[Site "Florianopolis"]
[Date "2022.01.28"]
[Round "7"]
[White "Carstens Dobuchak, Thiago"]
[Black "Rodriguez Vila, Andres"]
[Result "0-1"]
[WhiteElo "2153"]
[BlackElo "2461"]
[PlyCount "66"]
[EventDate "2022.01.24"]
[EventType "swiss"]
[EventRounds "10"]
[EventCountry "BRA"]
[SourceTitle "EXT 2023"]
[Source "ChessBase"]
[SourceDate "2022.10.05"]
[SourceVersion "1"]
[SourceVersionDate "2022.10.05"]
[SourceQuality "1"]

1. e4 c5 2. Nf3 g6 3. d4 cxd4 4. Qxd4 Nf6 5. Nc3 Nc6 6. Qa4 h5 7. h3 Bg7 8. Be3 0-0 9. 0-0-0 d6 10. e5 Ne8 11. exd6 Nxd6 12. Ne4 Bd7 13. Nxd6 exd6 14. Qa3 Rc8 15. Rd2 Be6 16. Ng5 d5 17. Nxe6 fxe6 18. h4 Ne5 19. Qb3 Qa5 20. Be2 b5 21. a3 Nc4 22. Bxc4 bxc4 23. Qb4 Bxb2+ 24. Qxb2 c3 25. Qb4 cxd2+ 26. Kxd2 Qc7 27. Qb3 Qd6 28. Qd3 e5 29. Rh3 d4 30. Ke2 Qc6 31. Rg3 Qxc2+ 32. Qxc2 Rxc2+ 33. Kd3 dxe3 0-1

[Event "Florianopolis op 8th"]
[Site "Florianopolis"]
[Date "2022.01.27"]
[Round "5"]
[White "Carstens Dobuchak, Thiago"]
[Black "Bonvini, Alberto Tonhati"]
[Result "1-0"]
[WhiteElo "2153"]
[BlackElo "1941"]
[PlyCount "33"]
[EventDate "2022.01.24"]
[EventType "swiss"]
[EventRounds "10"]
[EventCountry "BRA"]
[SourceTitle "CBM 206 Extra"]
[Source "ChessBase"]
[SourceDate "2022.03.31"]
[SourceVersion "1"]
[SourceVersionDate "2022.03.31"]
[SourceQuality "1"]

1. e4 e5 2. Nf3 Nc6 3. Nc3 Bc5 4. Nxe5 Nxe5 5. d4 Bxd4 6. Qxd4 Qf6 7. Be3 Ng4 8. Nd5 Qxd4 9. Bxd4 N4f6 10. Nxc7+ Kd8 11. Nxa8 b6 12. f3 Nh6 13. g4 Re8 14. 0-0-0 Bb7 15. Nxb6 axb6 16. Bxb6+ Kc8 17. g5 1-0

[Event "Florianopolis op 8th"]
[Site "Florianopolis"]
[Date "2022.01.25"]
[Round "3"]
[White "Carstens Dobuchak, Thiago"]
[Black "Menezes, Jose Eduardo C"]
[Result "1/2-1/2"]
[WhiteElo "2153"]
[BlackElo "1818"]
[PlyCount "75"]
[EventDate "2022.01.24"]
[EventType "swiss"]
[EventRounds "10"]
[EventCountry "BRA"]
[SourceTitle "CBM 206 Extra"]
[Source "ChessBase"]
[SourceDate "2022.03.31"]
[SourceVersion "1"]
[SourceVersionDate "2022.03.31"]
[SourceQuality "1"]

1. e4 c5 2. Nf3 d6 3. d4 cxd4 4. Nxd4 Nf6 5. Nc3 a6 6. h3 e5 7. Nb3 Be6 8. Be3 Be7 9. Qf3 b5 10. 0-0-0 Qc7 11. g4 h6 12. Kb1 Nbd7 13. Nd5 Bxd5 14. exd5 Nb6 15. Bxb6 Qxb6 16. Bd3 a5 17. Nd2 a4 18. Ne4 a3 19. b3 Nxe4 20. Bxe4 b4 21. h4 Rc8 22. Rh2 Rc5 23. Bd3 Rc3 24. Qe4 Qc5 25. Bc4 Kd8 26. Re1 Bf6 27. Kc1 g6 28. Kd1 Qc7 29. Bd3 Qc5 30. Qf3 Ke7 31. Qe4 Kd8 32. Re3 Qd4 33. Ke2 Qxe4 34. Rxe4 Rc5 35. Rxb4 Rxd5 36. Ra4 Rd4 37. Ra8+ Ke7 38. Ra7+ 1/2-1/2

[Event "BRA-ch 87th"]
[Site "Cuiaba"]
[Date "2021.10.31"]
[Round "6"]
[White "Carstens Dobuchak, Thiago"]
[Black "Nunes, Sidney Jr"]
[Result "1-0"]
[WhiteElo "2179"]
[BlackElo "2084"]
[PlyCount "125"]
[EventDate "2021.10.28"]
[EventType "swiss"]
[EventRounds "11"]
[EventCountry "BRA"]
[SourceTitle "CBM 205 Extra"]
[Source "ChessBase"]
[SourceDate "2022.01.31"]
[SourceVersion "1"]
[SourceVersionDate "2022.01.31"]
[SourceQuality "1"]

1. e4 c5 2. Nf3 g6 3. d4 cxd4 4. Qxd4 Nf6 5. Nc3 Nc6 6. Qa4 d6 7. e5 dxe5 8. Nxe5 Bg7 9. Bb5 0-0 10. Nxc6 bxc6 11. Bxc6 Bd7 12. 0-0 Bxc6 13. Qxc6 Rc8 14. Qf3 Qb6 15. a4 Rfd8 16. Ra3 Qa5 17. Rb3 Ne8 18. Rb5 Qa6 19. Qb7 Qxb7 20. Rxb7 Bxc3 21. bxc3 Rc7 22. Rxc7 Nxc7 23. Be3 a6 24. Rb1 Ne6 25. Kf1 Rc8 26. Bd2 Nc5 27. Rb4 f5 28. f3 Kf7 29. Ke2 Ke6 30. Be3 Nd7 31. Kd2 Rc6 32. c4 a5 33. Rb5 Ne5 34. c5 Nc4+ 35. Kd3 Kd5 36. Bg1 e5 37. Rb8 e4+ 38. fxe4+ fxe4+ 39. Kc3 e3 40. Rd8+ Kxc5 41. Rd4 Nb6 42. Bxe3 Nd5+ 43. Kd3 Nxe3 44. Kxe3 Rb6 45. Kd3 Rb4 46. c3 Rb1 47. Rc4+ Kd5 48. Rg4 Kc6 49. Rg5 Kb6 50. Kc4 Ra1 51. Kb3 Rb1+ 52. Ka2 Rf1 53. Kb2 Rf2+ 54. Kb3 Rf1 55. Rb5+ Ka6 56. c4 Rb1+ 57. Kc2 Rf1 58. c5 Rf2+ 59. Kb3 Rxg2 60. c6 Rg1 61. Kc4 Rd1 62. Kc5 g5 63. c7 1-0

[Event "BRA-ch 87th"]
[Site "Cuiaba"]
[Date "2021.10.31"]
[Round "5"]
[White "Costa, Kerginaldo Brito Da"]
[Black "Carstens Dobuchak, Thiago"]
[Result "0-1"]
[WhiteElo "1926"]
[BlackElo "2179"]
[PlyCount "80"]
[EventDate "2021.10.28"]
[EventType "swiss"]
[EventRounds "11"]
[EventCountry "BRA"]
[SourceTitle "CBM 205 Extra"]
[Source "ChessBase"]
[SourceDate "2022.01.31"]
[SourceVersion "1"]
[SourceVersionDate "2022.01.31"]
[SourceQuality "1"]

1. e4 c5 2. Nf3 d6 3. c3 Nf6 4. Bc4 Nc6 5. d3 a6 6. a4 Bg4 7. 0-0 e6 8. Nbd2 Be7 9. Re1 Ne5 10. Qe2 Nxc4 11. Nxc4 b5 12. Ne3 Bh5 13. h3 Rb8 14. Nf1 d5 15. e5 Nd7 16. Ng3 Bg6 17. axb5 axb5 18. d4 c4 19. Nh2 Qb6 20. Be3 0-0 21. Qg4 b4 22. h4 bxc3 23. bxc3 f5 24. exf6 Nxf6 25. Qh3 Ne4 26. Nxe4 Bxe4 27. Bg5 Bxg5 28. hxg5 e5 29. Rad1 exd4 30. Rxd4 Qb2 31. Qe3 Rb3 32. Rxc4 dxc4 33. Qxe4 Qxf2+ 34. Kh1 Rxc3 35. Rf1 Qc5 36. Qe6+ Kh8 37. Rxf8+ Qxf8 38. Nf3 Rxf3 39. gxf3 Qxf3+ 40. Kh2 Qh5+ 0-1

[Event "Sao Bento do Sul op 4th"]
[Site "Sao Bento do Sul"]
[Date "2020.10.31"]
[Round "3"]
[White "Carstens Dobuchak, Thiago"]
[Black "Sekula, Markley Ribas"]
[Result "1/2-1/2"]
[WhiteElo "2184"]
[BlackElo "2052"]
[PlyCount "53"]
[EventDate "2020.10.31"]
[EventType "swiss"]
[EventRounds "6"]
[EventCountry "BRA"]
[SourceTitle "EXT 2022"]
[Source "ChessBase"]
[SourceDate "2021.10.06"]
[SourceVersion "1"]
[SourceVersionDate "2021.10.06"]
[SourceQuality "1"]

1. d4 Nf6 2. c4 e6 3. Nc3 Bb4 4. Qc2 0-0 5. Nf3 c5 6. e3 d5 7. a3 cxd4 8. axb4 dxc3 9. bxc3 dxc4 10. Bxc4 Qc7 11. Bd3 b6 12. Bb2 Bb7 13. c4 Nbd7 14. Ng5 h6 15. Nh7 Nxh7 16. Bxh7+ Kh8 17. Be4 Rfc8 18. Bxb7 Qxb7 19. 0-0 Qc7 20. Rfc1 Ne5 21. c5 bxc5 22. bxc5 f6 23. Qe4 Qc6 24. Qc2 Nd7 25. Qc4 Rab8 26. Ba3 Rb5 27. h3 1/2-1/2

[Event "FISU World University"]
[Site "Tornelo INT"]
[Date "2020.10.26"]
[Round "3.11"]
[White "Vaculik, Jakub"]
[Black "Carstens Dobuchak, Thiago"]
[Result "1/2-1/2"]
[WhiteElo "2147"]
[BlackElo "2184"]
[PlyCount "86"]
[EventDate "2020.10.26"]
[EventType "team-swiss (rapid)"]
[EventRounds "9"]
[EventCountry "NET"]
[SourceTitle "CBM 199 Extra"]
[Source "ChessBase"]
[SourceDate "2021.01.31"]
[SourceVersion "1"]
[SourceVersionDate "2021.01.31"]
[SourceQuality "1"]
[WhiteTeam "Czech Republic"]
[BlackTeam "Brazil"]
[WhiteTeamCountry "CZE"]
[BlackTeamCountry "BRA"]

1. c4 c5 2. Nc3 Nc6 3. g3 g6 4. Bg2 Bg7 5. d3 e5 6. a3 Nge7 7. Nf3 0-0 8. Rb1 d6 9. 0-0 h6 10. b4 f5 11. Nd5 Rb8 12. Nd2 b6 13. e3 Kh7 14. Bb2 Nxd5 15. Bxd5 Ne7 16. Bg2 Bb7 17. Bxb7 Rxb7 18. Qc2 Nc6 19. Bc3 f4 20. b5 Ne7 21. exf4 exf4 22. Bxg7 Kxg7 23. Qc3+ Kh7 24. Rbe1 Nf5 25. Nf3 Rbf7 26. g4 Nh4 27. Nxh4 Qxh4 28. f3 h5 29. gxh5 gxh5 30. Kh1 Rg8 31. Rg1 Qf2 32. Rxg8 Kxg8 33. Rg1+ Kh7 34. d4 cxd4 35. Qd3+ Kh8 36. Qe4 Rg7 37. Qe8+ Kh7 38. Qxh5+ Kg8 39. Qe8+ Kh7 40. Qe4+ Kh8 41. Qe8+ Kh7 42. Qh5+ Kg8 43. Qe8+ Kh7 1/2-1/2

[Event "Sao Paulo Carnaval op"]
[Site "Sao Paulo"]
[Date "2020.02.25"]
[Round "7"]
[White "Haman, Muhammad"]
[Black "Carstens Dobuchak, Thiago"]
[Result "0-1"]
[WhiteElo "1884"]
[BlackElo "2166"]
[PlyCount "86"]
[EventDate "2020.02.22"]
[EventType "swiss"]
[EventRounds "7"]
[EventCountry "BRA"]
[SourceTitle "CBM 195 Extra"]
[Source "ChessBase"]
[SourceDate "2020.05.31"]
[SourceVersion "1"]
[SourceVersionDate "2020.05.31"]
[SourceQuality "1"]

1. e4 c5 2. Nf3 Nc6 3. d4 cxd4 4. Nxd4 g6 5. Nxc6 bxc6 6. Qd4 Nf6 7. e5 Nd5 8. e6 f6 9. exd7+ Qxd7 10. Bc4 Qe6+ 11. Be3 Nxe3 12. fxe3 Qg4 13. Nc3 Bh6 14. Rd1 Be6 15. Bd3 Qg5 16. Be4 Rc8 17. Qxa7 Qxe3+ 18. Qxe3 Bxe3 19. b3 Kf7 20. Rd3 Bf4 21. Nd1 Be5 22. g3 h5 23. Rg1 h4 24. Nf2 c5 25. c4 Bd4 26. g4 f5 27. gxf5 gxf5 28. Rf3 Rh5 29. Rf1 Bd7 30. Nh3 e6 31. a4 Ke7 32. Bb7 Rb8 33. Ba6 Bc6 34. Rd3 Be4 35. Rxd4 cxd4 36. Nf4 Rg5 37. Bb5 e5 38. Nd5+ Kd6 39. Nf6 Bc2 40. c5+ Ke6 41. Nh7 Rg7 42. Bc4+ Ke7 43. Kd2 Be4 0-1

[Event "BRA-ch U20"]
[Site "Concordia"]
[Date "2019.08.02"]
[Round "2"]
[White "Carstens Dobuchak, Thiago"]
[Black "Rodrigues, Asafe Costa"]
[Result "1-0"]
[WhiteElo "2149"]
[BlackElo "1669"]
[PlyCount "87"]
[EventDate "2019.08.01"]
[EventType "swiss"]
[EventRounds "7"]
[EventCountry "BRA"]
[SourceTitle "EXT 2020"]
[Source "ChessBase"]
[SourceDate "2019.10.17"]
[SourceVersion "1"]
[SourceVersionDate "2019.10.17"]
[SourceQuality "1"]

1. e4 c5 2. Nf3 Nc6 3. Bb5 a6 4. Bxc6 bxc6 5. 0-0 g6 6. h3 Bg7 7. d3 Nf6 8. e5 Nd5 9. Re1 0-0 10. Nbd2 d6 11. Nb3 a5 12. c4 Nc7 13. Be3 a4 14. Nc1 Ne6 15. exd6 exd6 16. d4 cxd4 17. Nxd4 c5 18. Nb5 Bxb2 19. Rb1 Bg7 20. Qxd6 Qxd6 21. Nxd6 Rd8 22. Nxc8 Raxc8 23. Ne2 Nd4 24. Nf4 Nc2 25. Nd5 Rxd5 26. cxd5 Nxe1 27. Rxe1 Bf8 28. Rc1 Bd6 29. Kf1 c4 30. Ke2 f5 31. Bd4 Kf7 32. Rb1 Ke7 33. Kd2 Bf4+ 34. Kc3 Kd6 35. g3 Bg5 36. f4 Bd8 37. Rb5 h5 38. Be5+ Kd7 39. Rb7+ Ke8 40. d6 Ba5+ 41. Kd4 Rc6 42. Kd5 Rb6 43. Ra7 Bb4 44. Ke6 1-0

[Event "Santa Catarina State-ch 63rd"]
[Site "Timbo"]
[Date "2019.06.08"]
[Round "3"]
[White "Carstens Dobuchak, Thiago"]
[Black "Soares, Gustavo Henrique"]
[Result "1/2-1/2"]
[WhiteElo "2138"]
[BlackElo "1799"]
[PlyCount "64"]
[EventDate "2019.06.07"]
[EventType "swiss"]
[EventRounds "6"]
[EventCountry "BRA"]
[SourceTitle "EXT 2020"]
[Source "ChessBase"]
[SourceDate "2019.10.17"]
[SourceVersion "1"]
[SourceVersionDate "2019.10.17"]
[SourceQuality "1"]

1. e4 e5 2. Nf3 Nc6 3. Nc3 Nf6 4. Be2 d5 5. exd5 Nxd5 6. 0-0 Nxc3 7. bxc3 e4 8. Ne1 f5 9. f3 Bc5+ 10. Kh1 0-0 11. fxe4 fxe4 12. Rxf8+ Qxf8 13. d4 Bd6 14. g3 Qf6 15. Ng2 Ne7 16. Ne3 Bh3 17. Bf1 Bxf1 18. Qxf1 Qxf1+ 19. Nxf1 Rf8 20. Kg2 Nf5 21. Ne3 Nxe3+ 22. Bxe3 Rf5 23. c4 Ra5 24. Kf2 Ra4 25. c5 Be7 26. Ke2 Kf7 27. Kd2 Ke6 28. c3 Kd5 29. Kc2 Kc4 30. Kb2 b6 31. cxb6 axb6 32. Rd1 Ba3+ 1/2-1/2

[Event "BRA-ch 85th"]
[Site "Natal"]
[Date "2019.01.29"]
[Round "1.1"]
[White "Lima, Darcy Gustavo Macha"]
[Black "Carstens Dobuchak, Thiago"]
[Result "1-0"]
[WhiteElo "2535"]
[BlackElo "2121"]
[PlyCount "63"]
[EventDate "2019.01.29"]
[EventType "k.o."]
[EventRounds "4"]
[EventCountry "BRA"]
[SourceTitle "CBM 188 Extra"]
[Source "ChessBase"]
[SourceDate "2019.02.26"]
[SourceVersion "1"]
[SourceVersionDate "2019.02.26"]
[SourceQuality "1"]

1. g3 Nf6 2. Bg2 g6 3. d4 d6 4. e4 e5 5. Ne2 Bg7 6. Nbc3 0-0 7. h3 exd4 8. Nxd4 Re8 9. 0-0 Nc6 10. Be3 Bd7 11. Qd2 Nxd4 12. Bxd4 Bc6 13. Rfe1 a5 14. a3 Qd7 15. Nd5 Nxd5 16. exd5 Rxe1+ 17. Rxe1 Bb5 18. Bxg7 Kxg7 19. c4 Ba6 20. Qxa5 b6 21. Qc3+ f6 22. Re6 Rf8 23. b3 Bc8 24. Qe3 Rf7 25. h4 Kf8 26. Qh6+ Kg8 27. h5 g5 28. Be4 Qd8 29. Bxh7+ Rxh7 30. Qg6+ Kf8 31. Qxh7 Bxe6 32. dxe6 1-0

[Event "Florianopolis op 5th"]
[Site "Florianopolis"]
[Date "2019.01.26"]
[Round "9"]
[White "Carstens Dobuchak, Thiago"]
[Black "Woichinevski, Joao Vinicius Peruc"]
[Result "1-0"]
[WhiteElo "2121"]
[BlackElo "1528"]
[PlyCount "55"]
[EventDate "2019.01.21"]
[EventType "swiss"]
[EventRounds "10"]
[EventCountry "BRA"]
[SourceTitle "EXT 2020"]
[Source "ChessBase"]
[SourceDate "2019.10.17"]
[SourceVersion "1"]
[SourceVersionDate "2019.10.17"]
[SourceQuality "1"]

1. e4 e5 2. Nf3 Nc6 3. Nc3 Nf6 4. Be2 d5 5. exd5 Nxd5 6. 0-0 Nxc3 7. bxc3 Bd6 8. d4 exd4 9. cxd4 0-0 10. c4 Bf5 11. Bb2 b6 12. Bd3 Qd7 13. d5 Na5 14. Ne5 Bxe5 15. Bxe5 Bxd3 16. Qxd3 Rfe8 17. Bc3 Nb7 18. Rae1 Nd6 19. h3 Rxe1 20. Rxe1 Re8 21. Rxe8+ Qxe8 22. Qg3 g6 23. Qf4 f5 24. Qd4 Qe7 25. Qh8+ Kf7 26. Qxh7+ Ke8 27. Qxg6+ Kd7 28. h4 1-0